| 000 | 00590nam a2200205Ia 4500 | ||
|---|---|---|---|
| 008 | 170504s9999 xx 000 0 und d | ||
| 050 | _aTX 274.5 | ||
| 050 | _b.T164 2016 | ||
| 100 | _aTaningco, Vernon Alejandro B. | ||
| 245 | _aSweet twinks in puregold Naga road, Las Piñas / | ||
| 245 | _cVernon Alejandro B. Taningco. | ||
| 260 | _aLas Piñas, Philippines : | ||
| 260 | _bSISC, | ||
| 260 | _c2016. | ||
| 300 | _a58 pages : | ||
| 300 | _billustrations ; | ||
| 300 | _c28 cm. | ||
| 500 | _aIncludes bibliographical references and appendices. | ||
| 521 | _aEntrepreneurship. | ||
| 999 |
_c329730 _d329730 |
||